Guess the Hit Title from the Lyrics Quiz #1 - Statistics

General Stats
  • This quiz has been taken 444 times
  • The average score is 7 of 15
Answer Stats
Lyrics Answer % Correct
Because I'm ____ / Clap along if you feel like a room without a roof Happy: By Pharrell Williams
86%
But baby I been, I been prayin' hard / Said no more counting dollars / We'll be _____ ____ / Yeah, we'll be ______ ____ Counting Stars: By One Republic
83%
Tell me why / ain't nothing but a mistake / Tell me why / I never wanna hear you say / _ ___ __ ____ ___ I Want it That Way: By The Backstreet Boys
81%
'Cause we gon' rock this club / We gon' go all night / We gon' light it up / Like its ______ Dynamite: By Taio Cruz
69%
Want you to make me feel / Like I'm the ___ ___ __ ___ ____ / Like I'm the only one that you'll ever love / Like I'm the only one that melts your heart Only Girl (In the World): By Rihanna
69%
So Annie are you ok / are you ok Annie? / 'Cause you've been hit by / you've been hit by / you've been hit by / A ______ ______ Smooth Criminal: By Michael Jackson
69%
I see trees of green / red roses too / I see them bloom / for me and you / And I think to myself / ___ _ ______ ____. What a Wonderful World: By Louis Armstrong
67%
I'm only __ ___ ____ / I'll be there to save the day / Superman got nothing on me / Im only __ ___ ____ One Call Away: By Charlie Puth
54%
You know / I wish that I had ____'_ ___ / I wish that I had ____'_ ___ / Where can I find a woman like that Jessie's Girl: By Rick Springfield
29%
'Cause you make me feel / You make me feel / You make me feel like a _____ ____ Natural Woman: By Aretha Franklin
27%
Imma dissappear when they come for me / I kick that ceiling what you gonna say? / No one can be just like me anyway / ___ ___ ___ Just Like Fire: By P!nk
18%
Im so high at the moment / I'm so caught up in this / Yeah, we're just ____ ____ ___ ____ / But we still got love to give Young Dumb & Broke: By Khalid
18%
Baby when you finally / get to love somebody / Guess what / __ ____ __ __ Its Gonna be Me: By NSYNC
8%
And all of our tears will be lost in the rain / When I found my way back to your arms again / But until that day you know you are, The ____ __ __ ____ Queen of my Heart: By Westlife
3%
Its about time that you __ __ ___ ____ / That you __ __ ___ ___ on your side / You've got to __ __ ___ ____, __ __ ___ ____ / Yeah Get the Girl Back: By Hanson
1%
No matching quizzes found
Score Distribution
Percent of People with Each Score
Percentile by Number Answered
Your Score History
You have not taken this quiz